[Event "ISL-chT Kvika 2324"]
[Site "Reykjavik"]
[Date "2023.10.13"]
[Round "2.2"]
[White "Sigurdsson, Saeberg"]
[Black "Ingvason, Johann"]
[Result "0-1"]
[WhiteElo "2094"]
[BlackElo "2069"]
[PlyCount "84"]
[EventDate "2023.10.12"]
[EventType "team-tourn"]
[EventRounds "10"]
[EventCountry "ISL"]
[SourceTitle "Mega2024 Update 01"]
[Source "Chessbase"]
[SourceDate "2023.11.12"]
[SourceVersion "1"]
[SourceVersionDate "2023.11.12"]
[SourceQuality "1"]
[WhiteTeam "Taflfelag Gardjabaejar"]
[BlackTeam "Taflfelag Vestmannaeyja"]
[WhiteTeamCountry "ISL"]
[BlackTeamCountry "ISL"]

1. d4 d5 2. c4 c6 3. Nf3 Nf6 4. Nc3 e6 5. g3 Nbd7 6. Bg2 Bd6 7. cxd5 exd5 8. 0-0 0-0 9. Qc2 Re8 10. a3 Nf8 11. Nh4 Ng6 12. Nf5 Bf8 13. Ne3 Qb6 14. Rd1 a5 15. b3 h5 16. Bb2 Qd8 17. a4 h4 18. Re1 hxg3 19. Ned1 gxh2+ 20. Kh1 Nh4 21. e4 Nxg2 22. Kxg2 dxe4 23. Ne3 Qd7 24. Qe2 Qh3+ 25. Kh1 Ng4 26. Ng2 Bd6 27. Nd1 f5 28. Rc1 f4 29. Rc3 Qxg2+ 30. Kxg2 f3+ 31. Kh1 fxe2 32. Rxe2 Rf8 33. Bc1 Be6 34. Kg2 Bd5 35. Be3 Rf6 36. Rc1 Raf8 37. Nc3 Rg6 38. Kh1 Be6 39. Rf1 Nxe3 40. Rxe3 Rxf2 41. Ree1 Rxf1+ 42. Rxf1 Bh3 0-1

[Event "ISL-chT Kvika 2324"]
[Site "Reykjavik"]
[Date "2023.10.12"]
[Round "1.2"]
[White "Gunnarsson, Jon Viktor"]
[Black "Sigurdsson, Saeberg"]
[Result "1-0"]
[WhiteElo "2439"]
[BlackElo "2094"]
[PlyCount "95"]
[EventDate "2023.10.12"]
[EventType "team-tourn"]
[EventRounds "10"]
[EventCountry "ISL"]
[SourceTitle "Mega2024 Update 01"]
[Source "Chessbase"]
[SourceDate "2023.11.12"]
[SourceVersion "1"]
[SourceVersionDate "2023.11.12"]
[SourceQuality "1"]
[WhiteTeam "Vikingaklubburinn"]
[BlackTeam "Taflfelag Gardjabaejar"]
[WhiteTeamCountry "ISL"]
[BlackTeamCountry "ISL"]

1. c4 Nf6 2. Nf3 c5 3. Nc3 d6 4. g3 Nc6 5. Bg2 g6 6. a3 Bg7 7. Rb1 Bf5 8. d3 Qd7 9. h3 e5 10. g4 Be6 11. b4 0-0 12. Ng5 h6 13. Nxe6 fxe6 14. bxc5 dxc5 15. Ne4 b6 16. g5 hxg5 17. Bxg5 Nh5 18. e3 Ne7 19. Nxc5 Qd6 20. Bxa8 Qxc5 21. Be4 Nf5 22. Rg1 Qa5+ 23. Ke2 Qxa3 24. Qb3 Qc5 25. Qb5 Qc7 26. Qc6 Qf7 27. Bxf5 Qxf5 28. Rg2 e4 29. Qxe4 Qa5 30. Qxe6+ Kh7 31. c5 Qxc5 32. Rd1 Qc2+ 33. Rd2 Qc1 34. Bh4 Nf6 35. Bxf6 Rxf6 36. Qe4 Rf5 37. Qg4 Qc6 38. f4 Rc5 39. Qf3 Qc7 40. Qe4 Qf7 41. h4 Rh5 42. Rg4 Qf6 43. Rd1 Qb2+ 44. Kf3 Qf6 45. Rdg1 Qf5 46. Rxg6 Qxe4+ 47. dxe4 Bh6 48. Rc6 1-0

[Event "ISL-chT2 2122"]
[Site "Reykjavik"]
[Date "2022.03.06"]
[Round "7.2"]
[White "Sigurdsson, Saeberg"]
[Black "Johannsson, Orn Leo"]
[Result "0-1"]
[WhiteElo "2134"]
[BlackElo "2213"]
[PlyCount "150"]
[EventDate "2021.10.01"]
[EventType "team-tourn"]
[EventRounds "7"]
[EventCountry "ISL"]
[SourceTitle "EXT 2024"]
[Source "ChessBase"]
[SourceDate "2023.10.10"]
[SourceVersion "1"]
[SourceVersionDate "2023.10.10"]
[SourceQuality "1"]
[WhiteTeam "Gardabaer II"]
[BlackTeam "Vestmannaeyja"]
[WhiteTeamCountry "ISL"]
[BlackTeamCountry "ISL"]

1. d4 Nf6 2. c4 e6 3. Nf3 Bb4+ 4. Bd2 Qe7 5. a3 Bxd2+ 6. Nbxd2 d6 7. e3 e5 8. d5 a5 9. b4 0-0 10. Be2 c6 11. dxc6 bxc6 12. Nb3 axb4 13. axb4 Rxa1 14. Qxa1 Be6 15. 0-0 Qb7 16. Rb1 Nbd7 17. Na5 Qb6 18. Qc3 Ra8 19. Ra1 h6 20. Nd2 Rb8 21. c5 Nd5 22. Qa3 dxc5 23. bxc5 Qxc5 24. Qxc5 Nxc5 25. Rc1 Rb2 26. Bf1 Rxd2 27. Rxc5 Nb4 28. Nxc6 Nxc6 29. Rxc6 Rd1 30. f3 Rd2 31. Rc5 Rd5 32. Rxd5 Bxd5 33. e4 Be6 34. Bd3 Kf8 35. Kf2 Ke7 36. Ke3 Kd6 37. g3 Kc5 38. Bb1 Kb4 39. Bd3 Kc3 40. Bb5 f6 41. Ba6 Bb3 42. Bb7 Bc4 43. Bc6 Ba6 44. Bd5 Bb5 45. Bb7 Kc2 46. Bd5 Kc1 47. Kf2 Kd2 48. Be6 Kd3 49. Bd5 Kd4 50. Be6 Ba4 51. Bc8 Bb3 52. Bd7 Bg8 53. Bc8 Bh7 54. g4 Bg6 55. Be6 Be8 56. Bc8 h5 57. h3 h4 58. Be6 Bb5 59. Bc8 Kc5 60. Be6 Kd6 61. Bb3 Ke7 62. Bd5 Kf8 63. Bb3 g6 64. Be6 Kg7 65. Bc8 Kh6 66. Be6 Kg5 67. Bc8 Kf4 68. Be6 Ba4 69. Ke2 Kg3 70. Bc8 Bb5+ 71. Ke3 Bf1 72. g5 fxg5 73. Be6 Bxh3 74. Bf7 Bg2 75. Bxg6 h3 0-1

[Event "ISL-chT2 2122"]
[Site "Reykjavik"]
[Date "2022.03.05"]
[Round "5.3"]
[White "Sigurdsson, Saeberg"]
[Black "Kristjansson, Olafur"]
[Result "0-1"]
[WhiteElo "2134"]
[BlackElo "2097"]
[PlyCount "116"]
[EventDate "2021.10.01"]
[EventType "team-tourn"]
[EventRounds "7"]
[EventCountry "ISL"]
[SourceTitle "EXT 2024"]
[Source "ChessBase"]
[SourceDate "2023.10.10"]
[SourceVersion "1"]
[SourceVersionDate "2023.10.10"]
[SourceQuality "1"]
[WhiteTeam "Gardabaer II"]
[BlackTeam "Akureyri II"]
[WhiteTeamCountry "ISL"]
[BlackTeamCountry "ISL"]

1. d4 Nf6 2. c4 g6 3. Nf3 Bg7 4. Nc3 0-0 5. g3 d6 6. Bg2 Nbd7 7. 0-0 e5 8. d5 a5 9. a3 Nc5 10. Bg5 a4 11. Nd2 h6 12. Be3 Nfd7 13. f3 f5 14. Bf2 Qe7 15. Qc2 b6 16. Nb5 Nf6 17. Rad1 g5 18. Nb1 f4 19. N1c3 fxg3 20. hxg3 Nh5 21. Qg6 Nf6 22. Bxc5 bxc5 23. Qc2 Nh5 24. Kf2 g4 25. Rh1 Bf5 26. Qd2 Bg6 27. Rh4 Nf6 28. Rdh1 Ne4+ 29. Nxe4 Bxe4 30. Rxg4 Bf5 31. Rgh4 e4 32. Bh3 Rae8 33. Qe3 Qe5 34. Bxf5 Rxf5 35. f4 Qxb2 36. Rd1 Re7 37. g4 Rxf4+ 38. Qxf4 Rf7 39. Qxf7+ Kxf7 40. Rhh1 Kg6 41. Rhf1 Bd4+ 42. Nxd4 cxd4 43. Rfe1 Qc2 44. Rc1 Qb3 45. Kg2 Qxa3 46. Ra1 Qc3 47. Rec1 Qe3 48. Rc2 a3 49. Rca2 Kg5 50. Kf1 Kxg4 51. Rxa3 d3 52. exd3 exd3 53. R1a2 h5 54. Ra8 d2 55. Rg8+ Kh4 56. c5 dxc5 57. Ra1 Qf3+ 58. Kg1 d1Q+ 0-1

[Event "ISL-chT1 1819"]
[Site "Reykjavik"]
[Date "2018.11.08"]
[Round "1.2"]
[White "Sigurdsson, Saeberg"]
[Black "Ragnarsson, Dagur"]
[Result "0-1"]
[WhiteElo "2140"]
[BlackElo "2312"]
[PlyCount "88"]
[EventDate "2018.11.08"]
[EventType "team-tourn"]
[EventRounds "9"]
[EventCountry "ISL"]
[SourceTitle "CBM 187 Extra"]
[Source "ChessBase"]
[SourceDate "2018.11.04"]
[SourceVersion "1"]
[SourceVersionDate "2018.11.04"]
[SourceQuality "1"]
[WhiteTeam "Skakfelagidj Huginn"]
[BlackTeam "Skakdeild Fjolnis"]
[WhiteTeamCountry "ISL"]
[BlackTeamCountry "ISL"]

1. d4 Nf6 2. Nf3 g6 3. g3 Bg7 4. Bg2 d5 5. 0-0 0-0 6. c4 c6 7. Nc3 dxc4 8. Ne5 Be6 9. e3 Nfd7 10. f4 Nxe5 11. fxe5 f6 12. exf6 exf6 13. Qe2 Na6 14. d5 cxd5 15. Bxd5 Bxd5 16. Rd1 Nb4 17. Nxd5 Nxd5 18. Qxc4 Rc8 19. Qxd5+ Qxd5 20. Rxd5 f5 21. Rb1 Rfd8 22. Rxd8+ Rxd8 23. Kf2 Rd1 24. a4 a5 25. Ke2 Rh1 26. Kd3 Bf8 27. h3 h5 28. Kc2 Bb4 29. e4 fxe4 30. Bf4 Rh2+ 31. Kb3 Rxh3 32. Kc4 g5 33. Bxg5 Rxg3 34. Bf4 Rf3 35. Rg1+ Kf7 36. Bg5 Ke6 37. Bd8 Rd3 38. Bg5 Kf5 39. Bh4 Rh3 40. Bd8 e3 41. Kd3 Rh2 42. Rg5+ Kf4 43. Bc7+ Kxg5 44. Bxh2 Bd2 0-1

[Event "ISL-chT2 1617"]
[Site "Reykjavik"]
[Date "2016.10.01"]
[Round "2.1"]
[White "Magnusdottir, Veronika Steinunn"]
[Black "Sigurdsson, Saeberg"]
[Result "0-1"]
[WhiteElo "1777"]
[BlackElo "2157"]
[PlyCount "72"]
[EventDate "2016.09.30"]
[EventType "team-tourn"]
[EventRounds "7"]
[EventCountry "ISL"]
[SourceTitle "EXT 2018"]
[Source "ChessBase"]
[SourceDate "2017.10.13"]
[SourceVersion "1"]
[SourceVersionDate "2017.10.13"]
[SourceQuality "1"]
[WhiteTeam "Reykjavik III"]
[BlackTeam "Huginn III"]
[WhiteTeamCountry "ISL"]
[BlackTeamCountry "ISL"]

1. e4 Nf6 2. e5 Nd5 3. d4 d6 4. exd6 exd6 5. Nf3 Be7 6. Bd3 Bg4 7. 0-0 0-0 8. Nbd2 Nc6 9. c3 Nf4 10. Bc2 d5 11. Re1 Bd6 12. Nf1 Re8 13. Rxe8+ Qxe8 14. Bxf4 Bxf4 15. Qd3 g6 16. Re1 Qd7 17. Ng3 Qd6 18. Bb3 Rd8 19. Kf1 a6 20. Ne2 Bf5 21. Qd1 Be4 22. Nxf4 Qxf4 23. Qd2 Qf6 24. Ne5 Nxe5 25. dxe5 Qxe5 26. Bc2 Qf6 27. Bxe4 dxe4 28. Qc2 Qd6 29. Qxe4 Qxh2 30. g3 c6 31. Qe7 Qh1+ 32. Ke2 Qd5 33. Kf1 Rd7 34. Qf6 Qh1+ 35. Ke2 Qh3 36. Qf3 Re7+ 0-1

[Event "ISL-chT 1516"]
[Site "Reykjavik"]
[Date "2016.03.05"]
[Round "8.5"]
[White "Bjornsson, Tomas"]
[Black "Sigurdsson, Saeberg"]
[Result "1/2-1/2"]
[WhiteElo "2144"]
[BlackElo "2157"]
[PlyCount "39"]
[EventDate "2015.09.24"]
[EventType "team-tourn"]
[EventRounds "9"]
[EventCountry "ISL"]
[SourceTitle "EXT 2017"]
[Source "ChessBase"]
[SourceDate "2016.10.25"]
[SourceVersion "1"]
[SourceVersionDate "2016.10.25"]
[SourceQuality "1"]
[WhiteTeam "Fjolnir"]
[BlackTeam "Huginn II"]
[WhiteTeamCountry "ISL"]
[BlackTeamCountry "ISL"]

1. e4 Nf6 2. e5 Nd5 3. d4 d6 4. Bc4 Nb6 5. Bb3 dxe5 6. Qh5 e6 7. dxe5 Nc6 8. Nf3 Nd4 9. Nbd2 Be7 10. Nxd4 Qxd4 11. 0-0 Bd7 12. Nf3 Qe4 13. Re1 Qg6 14. Qxg6 hxg6 15. Be3 Bc6 16. Nd4 Bd7 17. Nf3 Bc6 18. Nd4 Bd7 19. Nf3 Bc6 20. Nd4 1/2-1/2

[Event "ISL-chT 1516"]
[Site "Reykjavik"]
[Date "2016.03.04"]
[Round "7.1"]
[White "Gunnarsson, Gunnar K"]
[Black "Sigurdsson, Saeberg"]
[Result "1-0"]
[WhiteElo "2164"]
[BlackElo "2157"]
[PlyCount "69"]
[EventDate "2015.09.24"]
[EventType "team-tourn"]
[EventRounds "9"]
[EventCountry "ISL"]
[SourceTitle "EXT 2017"]
[Source "ChessBase"]
[SourceDate "2016.10.25"]
[SourceVersion "1"]
[SourceVersionDate "2016.10.25"]
[SourceQuality "1"]
[WhiteTeam "KR CC"]
[BlackTeam "Huginn II"]
[WhiteTeamCountry "ISL"]
[BlackTeamCountry "ISL"]

1. d4 d5 2. c4 c6 3. Nc3 Nf6 4. Nf3 e6 5. e3 dxc4 6. Bxc4 b5 7. Bd3 a6 8. 0-0 Nbd7 9. Qe2 Bb7 10. Rd1 c5 11. dxc5 Bxc5 12. b3 Qb6 13. Bb2 Ke7 14. a3 Rhd8 15. b4 Bd6 16. e4 Ne5 17. Nxe5 Bxe5 18. Nd5+ Bxd5 19. Bxe5 Bb7 20. Rac1 Rd7 21. Bf4 Qd8 22. e5 Nd5 23. Bg5+ f6 24. exf6+ gxf6 25. Bh6 Qg8 26. g3 Rad8 27. Be4 Qf7 28. Re1 Rd6 29. h4 R8d7 30. Rc5 Nb6 31. Bf4 e5 32. Bf5 Nd5 33. Bxe5 fxe5 34. Qxe5+ Kf8 35. Qh8+ 1-0

[Event "ISL-chT 1516"]
[Site "Reykjavik"]
[Date "2015.09.25"]
[Round "2.3"]
[White "Sigurdsson, Saeberg"]
[Black "Thorhallsson, Throstur"]
[Result "0-1"]
[WhiteElo "2157"]
[BlackElo "2415"]
[PlyCount "100"]
[EventDate "2015.09.24"]
[EventType "team-tourn"]
[EventRounds "9"]
[EventCountry "ISL"]
[SourceTitle "EXT 2017"]
[Source "ChessBase"]
[SourceDate "2016.10.25"]
[SourceVersion "1"]
[SourceVersionDate "2016.10.25"]
[SourceQuality "1"]
[WhiteTeam "Huginn II"]
[BlackTeam "Huginn"]
[WhiteTeamCountry "ISL"]
[BlackTeamCountry "ISL"]

1. d4 d5 2. Nf3 Nf6 3. c4 dxc4 4. Nc3 c5 5. Qa4+ Bd7 6. Qxc4 cxd4 7. Nxd4 e5 8. Nf3 Nc6 9. Ng5 Qe7 10. Bd2 Rc8 11. e3 h6 12. Nf3 a6 13. Qb3 b5 14. Qd1 Qd6 15. a4 b4 16. Ne2 Be7 17. Ng3 Na5 18. Be2 0-0 19. 0-0 Be6 20. Qe1 Rc6 21. e4 Nc4 22. Bc1 Nd7 23. Nf5 Bxf5 24. exf5 Qf6 25. Nd2 Nxd2 26. Bxd2 a5 27. g4 Bc5 28. Kg2 Bd4 29. Rb1 Nc5 30. Bb5 Rd6 31. Be3 Rfd8 32. Rc1 Nb3 33. Rc2 Bxe3 34. Qxe3 Nd4 35. Rc5 e4 36. Qxe4 Nb3 37. Re5 Nd2 38. Qe3 Nxf1 39. Bxf1 Rd4 40. f3 Rd2+ 41. Kg3 Rxb2 42. h4 Qd6 43. Qf4 Qd1 44. Qc4 Rc2 45. Qb5 Rc3 46. Be2 Qg1+ 47. Kh3 Rd2 48. Qe8+ Kh7 49. Qa8 Qh1+ 50. Kg3 Qe1+ 0-1

[Event "ISL-chT 1415"]
[Site "Reykjavik"]
[Date "2015.03.21"]
[Round "9.4"]
[White "Runarsson, Gunnar Freyr"]
[Black "Sigurdsson, Saeberg"]
[Result "1/2-1/2"]
[WhiteElo "2054"]
[BlackElo "2143"]
[PlyCount "94"]
[EventDate "2014.10.02"]
[EventType "team-tourn"]
[EventRounds "9"]
[EventCountry "ISL"]
[SourceTitle "EXT 2016"]
[Source "ChessBase"]
[SourceDate "2015.10.08"]
[SourceVersion "1"]
[SourceVersionDate "2015.10.08"]
[SourceQuality "1"]
[WhiteTeam "Vikingaklubburinn"]
[BlackTeam "Huginn II"]
[WhiteTeamCountry "ISL"]
[BlackTeamCountry "ISL"]

1. d4 d5 2. e4 dxe4 3. Nc3 Nf6 4. f3 exf3 5. Nxf3 Bg4 6. Be3 e6 7. Bc4 c6 8. h3 Bh5 9. 0-0 h6 10. Qd2 Nbd7 11. Rae1 Bb4 12. Bd3 Bxf3 13. Rxf3 Qa5 14. Bf2 Nd5 15. Bc4 N7f6 16. Qd3 0-0-0 17. Bb3 Rd7 18. a3 Bd6 19. Nxd5 exd5 20. c4 dxc4 21. Bxc4 Qd8 22. b4 Re8 23. Rc1 Kb8 24. b5 c5 25. b6 Qxb6 26. Rb1 Qc7 27. Bb5 Ree7 28. Bxd7 Rxd7 29. Rc1 b6 30. Qb3 Ne4 31. dxc5 Nxf2 32. Rxf2 Bxc5 33. Kh1 Bxf2 34. Rxc7 Rxc7 35. g4 Bc5 36. a4 a6 37. Qd5 b5 38. axb5 axb5 39. Qe5 f6 40. Qe8+ Ka7 41. Qxb5 Bb6 42. Qa4+ Kb7 43. Qe4+ Ka7 44. Qd5 Rc1+ 45. Kg2 Rc2+ 46. Kf1 Rc1+ 47. Ke2 Rc2+ 1/2-1/2

[Event "ISL-chT2 1011"]
[Site "Reykjavik"]
[Date "2011.03.05"]
[Round "7.3"]
[White "Sigurdsson, Saeberg"]
[Black "Sigurmundsson, Ingimundur"]
[Result "1/2-1/2"]
[WhiteElo "2140"]
[BlackElo "1775"]
[PlyCount "87"]
[EventDate "2010.10.08"]
[EventType "team"]
[EventRounds "7"]
[EventCountry "ISL"]
[SourceTitle "EXT 2014"]
[Source "ChessBase"]
[SourceDate "2013.11.20"]
[SourceVersion "1"]
[SourceVersionDate "2013.11.20"]
[SourceQuality "1"]

1. d4 Nf6 2. c4 g6 3. Nc3 d5 4. Nf3 Bg7 5. g3 0-0 6. Bg2 c5 7. dxc5 Qa5 8. 0-0 dxc4 9. Nd2 Qxc5 10. Qa4 Nc6 11. Nxc4 Be6 12. Ne3 Rfd8 13. a3 Rab8 14. Qb5 Qxb5 15. Nxb5 Nd4 16. Nxd4 Rxd4 17. b4 Nd5 18. Nxd5 Bxd5 19. Be3 Bxg2 20. Kxg2 Rd7 21. Rad1 Rbd8 22. Rxd7 Rxd7 23. Bxa7 Bb2 24. a4 b5 25. Rb1 Rxa7 26. Rxb2 Rxa4 27. Kf3 Ra3+ 28. Ke4 Rc3 29. Rd2 f6 30. e3 Rb3 31. Rd4 e5 32. Rd7 Rxb4+ 33. Kd5 Rb2 34. Rb7 Rxf2 35. Ke6 h5 36. Rxb5 Kg7 37. h4 Rf3 38. Rb7+ Kh6 39. Kf7 g5 40. Rb8 Kh7 41. Rg8 Rxg3 42. Rg7+ Kh6 43. Rg6+ Kh7 44. Rg7+ 1/2-1/2

[Event "ISL-chT 0910"]
[Site "Reykjavik"]
[Date "2010.03.05"]
[Round "5"]
[White "Sigurdsson, Saeberg"]
[Black "Thorhallsson, Gylfi"]
[Result "1/2-1/2"]
[WhiteElo "2118"]
[BlackElo "2207"]
[PlyCount "42"]
[EventDate "2009.09.25"]
[EventType "team-tourn"]
[EventRounds "7"]
[EventCountry "ISL"]
[SourceTitle "EXT 2011"]
[Source "ChessBase"]
[SourceDate "2010.11.26"]
[SourceVersion "1"]
[SourceVersionDate "2010.11.26"]
[SourceQuality "1"]

1. e4 e5 2. Nf3 Nc6 3. Bb5 f5 4. exf5 Nf6 5. 0-0 e4 6. Re1 Be7 7. Ng5 0-0 8. d3 d5 9. dxe4 Nxe4 10. Nxe4 dxe4 11. Qxd8 Rxd8 12. Bc4+ Kf8 13. Bf4 Nd4 14. Na3 Bxa3 15. bxa3 Nxc2 16. Rad1 Bxf5 17. Bxc7 Nxe1 18. Rxd8+ Rxd8 19. Bxd8 Nd3 20. Bg5 b6 21. Kf1 Ke8 1/2-1/2

[Event "ISL-chT 0910"]
[Site "Reykjavik"]
[Date "2010.03.05"]
[Round "5"]
[White "Thorvaldsson, Arni"]
[Black "Sigurdsson, Saeberg"]
[Result "1/2-1/2"]
[WhiteElo "1983"]
[BlackElo "2118"]
[PlyCount "107"]
[EventDate "2009.09.25"]
[EventType "team-tourn"]
[EventRounds "7"]
[EventCountry "ISL"]
[SourceTitle "EXT 2011"]
[Source "ChessBase"]
[SourceDate "2010.11.26"]
[SourceVersion "1"]
[SourceVersionDate "2010.11.26"]
[SourceQuality "1"]

1. d4 Nf6 2. Nf3 g6 3. Nbd2 d5 4. e3 Bg7 5. b3 c5 6. Bb2 Ne4 7. c4 Bg4 8. Be2 cxd4 9. exd4 Qa5 10. 0-0 Nxd2 11. Nxd2 Bxe2 12. Qxe2 Nc6 13. Nf3 0-0 14. a3 dxc4 15. bxc4 Qb6 16. Rab1 Qc7 17. d5 Bxb2 18. dxc6 Bxa3 19. cxb7 Rab8 20. Qe4 Bc5 21. h4 Rfd8 22. h5 Rd6 23. hxg6 fxg6 24. Ng5 Bb6 25. Rb5 Qd7 26. Qf4 e5 27. Rxe5 Bc7 28. Qe3 Rd1 29. Rd5 Rxd5 30. cxd5 Rxb7 31. Ne4 Qe7 32. g3 Qe5 33. Qd3 Rb4 34. Re1 Bb6 35. Re2 Kg7 36. d6 Rd4 37. Qa6 Qd5 38. Nc3 Qc6 39. Re7+ Kh6 40. Qb7 Qxb7 41. Rxb7 Rxd6 42. Ne4 Rd1+ 43. Kg2 Rd4 44. Nf6 g5 45. Nxh7 Rd2 46. Kh3 Rxf2 47. Kg4 Rc2 48. Nf8 Rc4+ 49. Kf5 Rc7 50. Rxc7 Bxc7 51. Ne6 Bxg3 52. Nxg5 a5 53. Ne4 Be1 54. Nc5 1/2-1/2

[Event "ISL-chT 0910"]
[Site "Reykjavik"]
[Date "2009.09.26"]
[Round "3"]
[White "Sigurdsson, Saeberg"]
[Black "Thorsteinsson, Bjorn"]
[Result "1-0"]
[WhiteElo "2118"]
[BlackElo "2229"]
[PlyCount "79"]
[EventDate "2009.09.25"]
[EventType "team-tourn"]
[EventRounds "7"]
[EventCountry "ISL"]
[SourceTitle "CBM 132 Extra"]
[Source "ChessBase"]
[SourceDate "2009.11.03"]
[SourceVersion "1"]
[SourceVersionDate "2009.11.03"]
[SourceQuality "1"]

1. d4 Nf6 2. c4 g6 3. Nf3 Bg7 4. g3 d6 5. Bg2 0-0 6. Nc3 Nc6 7. 0-0 Bg4 8. Bg5 h6 9. Be3 Nd7 10. Qd2 Kh7 11. h3 Bxf3 12. exf3 e5 13. dxe5 Ndxe5 14. b3 Ne7 15. Rad1 Nf5 16. f4 Nc6 17. Nd5 Re8 18. Rfe1 h5 19. Qd3 a5 20. Be4 Nh6 21. Bd2 Qd7 22. Kg2 f5 23. Bf3 a4 24. b4 Nd4 25. Bc3 Nxf3 26. Qxf3 Ng8 27. Qd3 Qf7 28. Qc2 Bxc3 29. Qxc3 b5 30. Rxe8 Rxe8 31. cxb5 Re2 32. Qxc7 Qxc7 33. Nxc7 Rxa2 34. b6 Rb2 35. b5 a3 36. b7 a2 37. Ra1 Nf6 38. b8Q Ne4 39. Ne6 Rxf2+ 40. Kg1 1-0